| 000 | 00568nam a22001577a 4500 | ||
|---|---|---|---|
| 999 |
_c60798 _d60798 |
||
| 005 | 20231024093617.0 | ||
| 008 | 231024s1980 ru ||||| |||| 00| 0 rus d | ||
| 041 | _arus | ||
| 080 | _a7.032 Л-93 | ||
| 100 |
_a Любимов, Л. _920197 |
||
| 245 |
_aИскусство древнего мира : _bКнига для чтения / _cЛ. Любимов. |
||
| 264 |
_aМ.: _bПросвещение, _c1980. |
||
| 300 |
_a 320 стр.: _bил.; _c22 см. |
||
| 653 | _aუძველესი სამყაროს ხელოვნება | ||
| 942 |
_2udc _cBK |
||